000 00845 a2200181 4500
001 142472
040 _cLeonardo Da Vinci
041 _aPortuguês
082 _av214
100 _aEDUCACIONAL SHOP VIDEO
245 _aVetores
_bo programa computadorizado mostra a geometria sob uma nova luz
250 _av.1-2
260 _bESV
_aSão Paulo
490 _aTV Ontario
520 _aA definição de um vetor é desenvolvida com vários exemplos. Acrescenta-se ainda vetores com ângulos retos, pelo Teorema de Pitágoras e razão da tangente. Aplica-se os princípios vetoriais ao mundo real através do conceito de força
697 _aDesenho Geométrico
_aGeometria
_aTeorema de Pitágoras
_aTangente
_aVetor
_aSiga a flecha
_aEncontrando o resultante
_aPares Ordenados
_aResolução sem gráfico
_aForça
_aAplicação de forças
942 _cVM
999 _c142472
_d142472